Vrtulníky a soudobý boj

Bibliographic Details
Main Author: Odehnal, Zdeněk (Author)
Format: Book
Language:Czech
PhysicalDescription:227 s.
Published: Praha Naše vojsko 1959
Subjects:

MARC

LEADER 00000nam a2200000 a 4500
001 vtls001269022
003 SK-MaSNL
005 20260301234615.0
008 240318s1959 xr f 00000 cze
035 |a SNK000220049 
040 |a SNK  |b slo  |c SNK  |e AACR2 
080 |a 623.746.17  |2 2011 
100 1 |a Odehnal, Zdeněk  |4 aut  |9 630832 
245 1 0 |a Vrtulníky a soudobý boj 
260 |a Praha  |b Naše vojsko  |c 1959 
300 |a 227 s. 
650 0 7 |a vojenské vrtuľníky  |2 SNKPH  |9 74108 
852 |a Štátna vedecká knižnica v Banskej Bystrici 
999 |c 970956  |d 972886 
952 |t P60, <04>, [BOOK], {604}  |a SNK  |b SNK  |y NEVYP  |7 0  |p 17A0024826  |o snkIC 24215 D1  |0 0  |1 1  |4 0  |d 1996-12-04  |l 0  |r 2005-01-01 00:00:00  |w 2026-02-24 
952 |t P60, <04>, [BOOK], {604}  |a SNK  |b SNK  |y VYP  |7 0  |p 17A0376259  |o snkIC 24215  |0 0  |1 0  |4 0  |d 2003-03-10  |l 0  |r 2005-01-01 00:00:00  |w 2026-02-24